[Event "IECG CE.2004.0.00068 email"]
[Site "IECG email"]
[Date "2004.03.07"]
[Round "?"]
[White "Harrop, Greg"]
[Black "Casser, Aaron"]
[Result "0-1"]
[WhiteElo "1360"]
[BlackElo "1374"]
[PlyCount "54"]
[EventDate "2004.03.07"]
[EventType "tourn (corr)"]
[EventRounds "6"]
[SourceTitle "Corr 2008"]
[Source "ChessBase"]
[SourceDate "2008.06.24"]
[SourceVersion "1"]
[SourceVersionDate "2008.06.24"]
[SourceQuality "1"]

1. d4 Nf6 2. Bf4 g6 3. Nc3 Bg7 4. Nb5 d6 5. d5 a6 6. Nc3 0-0 7. Qd3 Nbd7 8. 0-0-0 Nc5 9. Qd2 b5 10. f3 b4 11. Ne4 Nfxe4 12. fxe4 Nxe4 13. Qe3 f5 14. Nf3 e5 15. dxe6 Qf6 16. Nd4 c5 17. Qb3 Re8 18. e7+ Kh8 19. Nc6 Be6 20. c4 bxc3 21. Qa3 cxb2+ 22. Kc2 Bxa2 23. Bxd6 b1Q+ 24. Rxb1 Bxb1+ 25. Kc1 Qxd6 26. Kxb1 Qd1+ 27. Ka2 Qc2+ 0-1

[Event "IECC O email"]
[Site "IECC email"]
[Date "2003.10.15"]
[Round "?"]
[White "Harrop, Greg"]
[Black "Beatty, Vincent"]
[Result "1/2-1/2"]
[WhiteElo "1327"]
[BlackElo "1433"]
[PlyCount "49"]
[EventDate "2003.??.??"]
[EventType "tourn (corr)"]
[EventRounds "6"]
[SourceTitle "Corr 2008"]
[Source "ChessBase"]
[SourceDate "2008.06.24"]
[SourceVersion "1"]
[SourceVersionDate "2008.06.24"]
[SourceQuality "1"]

1. d4 d5 2. Nf3 Bg4 3. Nc3 Bxf3 4. exf3 c5 5. Bb5+ Nc6 6. dxc5 e6 7. b4 Be7 8. f4 Nf6 9. 0-0 0-0 10. Be3 Nxb4 11. Ba4 Qa5 12. Bd4 Bxc5 13. Bxf6 gxf6 14. Bb3 Qd8 15. Qg4+ Kh8 16. Rad1 Rg8 17. Qf3 f5 18. Nxd5 exd5 19. Qc3+ d4 20. Qxc5 Rxg2+ 21. Kxg2 Qh4 22. Qxd4+ f6 23. Qxb4 Qg4+ 24. Kh1 Qf3+ 25. Kg1 1/2-1/2

[Event "IECC M email"]
[Site "IECC email"]
[Date "2003.10.11"]
[Round "?"]
[White "Graham, Gary"]
[Black "Harrop, Greg"]
[Result "1-0"]
[WhiteElo "1203"]
[BlackElo "1331"]
[PlyCount "45"]
[EventDate "2003.??.??"]
[EventType "tourn (corr)"]
[EventRounds "6"]
[SourceTitle "Corr 2008"]
[Source "ChessBase"]
[SourceDate "2008.06.24"]
[SourceVersion "1"]
[SourceVersionDate "2008.06.24"]
[SourceQuality "1"]

1. e4 c5 2. Nf3 d6 3. d3 Nc6 4. Nc3 Qa5 5. g3 e5 6. Bg2 b5 7. 0-0 h6 8. Nd5 Nge7 9. Bd2 b4 10. a3 Qb5 11. c4 Qb8 12. Re1 Nxd5 13. exd5 Ne7 14. axb4 cxb4 15. Nxe5 dxe5 16. d6 Ng6 17. Qf3 Bb7 18. Qxb7 Qxb7 19. Bxb7 Rb8 20. Bc6+ Kd8 21. Rxa7 f6 22. Bxb4 Rxb4 23. Ra8+ 1-0

[Event "IECC O email"]
[Site "IECC email"]
[Date "2003.08.28"]
[Round "?"]
[White "Harrop, Greg"]
[Black "Hermansen, Rune"]
[Result "0-1"]
[WhiteElo "1346"]
[BlackElo "1443"]
[PlyCount "44"]
[EventDate "2003.??.??"]
[EventType "tourn (corr)"]
[EventRounds "6"]
[SourceTitle "Corr 2008"]
[Source "ChessBase"]
[SourceDate "2008.06.24"]
[SourceVersion "1"]
[SourceVersionDate "2008.06.24"]
[SourceQuality "1"]

1. e4 d5 2. e5 e6 3. d4 c5 4. c3 Nc6 5. Nf3 cxd4 6. Nxd4 Nxe5 7. Bb5+ Bd7 8. Nxe6 fxe6 9. Qh5+ Nf7 10. Bg5 Qxg5 11. Bxd7+ Kxd7 12. Qxf7+ Be7 13. Qf3 Qc1+ 14. Ke2 Qxh1 15. Qg3 Qc1 16. Qd3 a6 17. a3 Qxb2+ 18. Nd2 Qxa1 19. Nc4 Qa2+ 20. Nd2 Nf6 21. f3 Bxa3 22. c4 Rac8 0-1

[Event "IECC M email"]
[Site "IECC email"]
[Date "2003.07.07"]
[Round "?"]
[White "Harrop, Greg"]
[Black "Van Belle, J Coos"]
[Result "0-1"]
[WhiteElo "1400"]
[BlackElo "1496"]
[PlyCount "40"]
[EventDate "2003.??.??"]
[EventType "tourn (corr)"]
[EventRounds "6"]
[SourceTitle "Corr 2008"]
[Source "ChessBase"]
[SourceDate "2008.06.24"]
[SourceVersion "1"]
[SourceVersionDate "2008.06.24"]
[SourceQuality "1"]

1. e4 e5 2. Nf3 Nc6 3. Bc4 Bc5 4. d3 Nf6 5. Ng5 0-0 6. Nc3 h6 7. Qe2 hxg5 8. Bxg5 Nd4 9. Qd2 c6 10. 0-0 Be7 11. h3 Nh7 12. Bxe7 Qxe7 13. Rae1 d6 14. Re3 Qg5 15. g4 Qf4 16. Ne2 Nf3+ 17. Rxf3 Qxd2 18. Ng3 Be6 19. Bxe6 fxe6 20. Re3 Rxf2 0-1

[Event "IECC M email"]
[Site "IECC email"]
[Date "2003.07.07"]
[Round "?"]
[White "Jonsson, Gudbrandur"]
[Black "Harrop, Greg"]
[Result "1-0"]
[WhiteElo "1535"]
[BlackElo "1410"]
[PlyCount "65"]
[EventDate "2003.??.??"]
[EventType "tourn (corr)"]
[EventRounds "6"]
[SourceTitle "Corr 2008"]
[Source "ChessBase"]
[SourceDate "2008.06.24"]
[SourceVersion "1"]
[SourceVersionDate "2008.06.24"]
[SourceQuality "1"]

1. d4 d5 2. Nf3 Nc6 3. e3 a6 4. Be2 f6 5. Nc3 e5 6. dxe5 Bb4 7. 0-0 Nge7 8. exf6 gxf6 9. Nd4 Ne5 10. Bh5+ N5g6 11. Nde2 0-0 12. e4 c6 13. Bh6 Re8 14. a3 Ba5 15. exd5 Nxd5 16. Nxd5 Qxd5 17. Qxd5+ cxd5 18. Rad1 Re5 19. Bf3 Be6 20. Nf4 Nxf4 21. Bxf4 Rf5 22. Rd4 Bb6 23. Rb4 Bc5 24. g4 Bxb4 25. gxf5 Bxf5 26. Bxd5+ Kg7 27. axb4 Bxc2 28. Bxb7 Rg8 29. Bxa6 Bb3 30. Rc1 Kf7+ 31. Kf1 Ra8 32. Rc7+ Ke6 33. Bc8+ 1-0

[Event "IECC M email"]
[Site "IECC email"]
[Date "2003.05.29"]
[Round "?"]
[White "Hasidume, Shuji"]
[Black "Harrop, Greg"]
[Result "0-1"]
[WhiteElo "1335"]
[BlackElo "1400"]
[PlyCount "68"]
[EventDate "2003.??.??"]
[EventType "tourn (corr)"]
[EventRounds "6"]
[SourceTitle "Corr 2008"]
[Source "ChessBase"]
[SourceDate "2008.06.24"]
[SourceVersion "1"]
[SourceVersionDate "2008.06.24"]
[SourceQuality "1"]

1. d4 d5 2. c4 Nf6 3. Nc3 Bf5 4. e3 e6 5. cxd5 exd5 6. f4 a6 7. Nf3 Bd6 8. Bd3 Qd7 9. Qe2 0-0 10. 0-0 Re8 11. Nh4 Bg4 12. Qe1 Nc6 13. h3 Nb4 14. Qd2 Bxh3 15. Bxh7+ Nxh7 16. gxh3 Qxh3 17. Ng2 Re6 18. Qf2 Rh6 19. Qf3 Re8 20. Qxh3 Rxh3 21. Ne1 Re6 22. Nd1 Rg6+ 23. Kf2 Rh2+ 24. Kf3 Rh3+ 25. Ke2 Nf6 26. Nf2 Rh2 27. Bd2 Ne4 28. a3 Ng3+ 29. Kd1 Nxf1 30. Bxb4 Rxf2 31. Kc1 Nxe3 32. Bd2 Bxf4 33. Nd3 Rg1+ 34. Ne1 Nc4 0-1